[Event "Challenge"]
[Site "http://www.queenalice.com/game.php?id=466666"]
[Date "2008.9.22"]
[Round "-"]
[White "Glasgow_Rangers"]
[Black "archangel"]
[Result "0-1"]
[WhiteElo "1786"]
[BlackElo "1786"]

1. e4 e5 2. Nf3 Nc6 3. Nc3 Bb4 4. d3 d5 5. Bd2 Bxc3 6. Bxc3 d4 7. Bd2 Bg4 8. Be2
h5 9. h3 Be6 10. c3 f5 11. cxd4 fxe4 12. dxe4 exd4 13. Ng5 Bf7 14. Nxf7 Kxf7 15.
Bxh5+ Kf8 16. a3 Ne5 17. Bb4+ Ne7 18. Be2 d3 19. Bxe7+ Kxe7 20. Bf1 Qd4 21. f3
Qe3+ 22. Be2 dxe2 23. Qxe2 Nd3+ 24. Kf1 Qxe2+ 25. Kxe2 Rad8 26. g3 b6 27. b4 Ke6
28. Rhd1 Rxh3 29. Rxd3 Rxd3 30. Kxd3 Rxg3 31. Ke3 Ke5 32. Rd1 g5 33. Rd7 g4 34.
Rf7 c5 35. Rf5+ Ke6 36. bxc5 bxc5 37. Rxc5 gxf3 38. Kf4 f2 39. Rc1 Rg1 0-1

[Event "Let's Play Chess!"]
[Site "http://www.queenalice.com/game.php?id=466914"]
[Date "2008.9.22"]
[Round "-"]
[White "Glasgow_Rangers"]
[Black "papilon_br"]
[Result "1-0"]
[WhiteElo "1832"]
[BlackElo "1750"]

1. e4 e5 2. Nf3 Nf6 3. Nc3 Nc6 4. a3 a6 5. Bc4 h6 6. d3 d6 7. h3 Be7 8. O-O O-O
9. Re1 Na5 10. Ba2 b6 11. Bd2 Bb7 12. Qc1 c5 13. b4 Nc6 14. bxc5 dxc5 15. Nd5
Nxd5 16. Bxd5 Rb8 17. Bxc6 Bxc6 18. Nxe5 Qc7 19. Nxc6 Qxc6 20. Bf4 Rbc8 21. c4
a5 22. a4 g5 23. Bg3 Bd6 24. Bxd6 Qxd6 25. Re3 Qd4 26. Rb1 f6 27. Rxb6 Rfe8 28.
Rf3 Rf8 29. Rb5 Ra8 30. Qd2 Kg7 31. Rxa5 Qa1+ 32. Kh2 Qe5+ 33. g3 h5 34. Rf5 Qd6
35. Rfxc5 h4 36. Qc3 Rae8 37. Rxg5+ Kf7 38. Rgf5 hxg3+ 39. fxg3 Rg8 40. e5 Qc6
41. Rxf6+ 1-0

[Event "Challenge"]
[Site "http://www.queenalice.com/game.php?id=469451"]
[Date "2008.9.27"]
[Round "-"]
[White "Glasgow_Rangers"]
[Black "rocha"]
[Result "1-0"]
[WhiteElo "1801"]
[BlackElo "1623"]

1. e4 e5 2. Nf3 Nc6 3. d4 a6 4. dxe5 d6 5. exd6 Bxd6 6. a3 Nge7 7. h3 O-O 8. Bd3
Ne5 9. Nxe5 Bxe5 10. Nd2 b6 11. Nf3 Ng6 12. Nxe5 Nxe5 13. Bf4 Ng6 14. Qd2 Nh4
15. O-O Bxh3 16. Bg5 Nf3+ 17. gxf3 Qd4 18. Rfb1 h6 19. Bf4 c5 20. b3 a5 21. Rd1
Qd7 22. e5 f5 23. Kh2 Bg4 24. fxg4 fxg4 25. Bh7+ Kxh7 26. Qxd7 Rxf4 27. Rd2 h5
28. Qe7 Kh6 29. Kg3 Rf3+ 30. Kg2 Raf8 31. Re2 R3f7 32. Qd6+ Kh7 33. Qxb6 g3 34.
fxg3 h4 35. Rh1 g5 36. gxh4 g4 37. Qxc5 Rg8 38. e6 Rf4 39. e7 g3 40. Qh5+ 1-0

[Event "Challenge"]
[Site "http://www.queenalice.com/game.php?id=475042"]
[Date "2008.10.9"]
[Round "-"]
[White "rdaigle2003"]
[Black "Glasgow_Rangers"]
[Result "1-0"]
[WhiteElo "1704"]
[BlackElo "1860"]

1. e4 c5 2. b3 Nc6 3. Nc3 Nf6 4. d3 h6 5. Bf4 e5 6. Bd2 d6 7. Nd5 Nxd5 8. exd5
Ne7 9. c4 Bd7 10. Nf3 b5 11. Be2 b4 12. O-O Ng6 13. a4 Be7 14. h3 a5 15. Nh2 Bg5
16. Bg4 Bxd2 17. Bxd7+ Qxd7 18. Qxd2 Nf4 19. f3 Qe7 20. g3 Nxh3+ 21. Kg2 Ng5 22.
f4 Nh7 23. Rae1 f6 24. Nf3 O-O-O 25. Nh4 Qf7 26. fxe5 dxe5 27. Rxe5 Rhe8 28. Qf4
Rxe5 29. Qxe5 Re8 30. Qd6 Re2+ 31. Rf2 Rxf2+ 32. Kxf2 Qc7 33. Nf5 Kb8 34. Qe7
Qxe7 35. Nxe7 Kc7 36. Nf5 g6 37. Nxh6 g5 38. Ng8 Kd7 39. Kf3 f5 40. Nh6 f4 41.
gxf4 gxf4 42. Kxf4 Nf6 43. Ke5 Ne8 44. Nf5 Nc7 45. Nd6 Na6 46. Ne4 Kd8 47. Kd6
1-0

[Event "Let's Play Chess!"]
[Site "http://www.queenalice.com/game.php?id=479687"]
[Date "2008.10.19"]
[Round "-"]
[White "Glasgow_Rangers"]
[Black "CampbellMarcel"]
[Result "1/2-1/2"]
[WhiteElo "1838"]
[BlackElo "1824"]

1. e4 e5 2. Nf3 d6 3. h3 Nf6 4. Nc3 c6 5. d4 exd4 6. Nxd4 Be7 7. Bd3 c5 8. Nf3
O-O 9. O-O Be6 10. b3 Nc6 11. a3 a6 12. Re1 Ne5 13. Nxe5 dxe5 14. Bd2 Qd7 15.
Kh2 Rfd8 16. Be3 b5 17. f4 exf4 18. Bxf4 Qd4 19. Qd2 c4 20. bxc4 bxc4 21. Be3
Qe5+ 22. Bf4 Qh5 23. e5 Ng4+ 24. Kg1 Bc5+ 25. Kf1 Nf2 26. Be3 Bxe3 27. Qxe3 Nxd3
28. cxd3 Rxd3 29. Qe4 Rad8 30. Rac1 Bxh3 31. Re2 Bf5 32. Qf4 R3d4 33. Ne4 Rd1+
34. Re1 Qh1+ 35. Kf2 Rxe1 36. Rxe1 Qh5 37. Qg3 Bxe4 38. Rxe4 Qf5+ 39. Qf4 Qxf4+
40. Rxf4 Rd2+ 41. Kf1 c3 42. Rc4 f5 43. e6 Kf8 44. Rxc3 Rd6 45. Rc8+ Ke7 46.
Rc7+ Kxe6 47. Rxg7 Rd7 48. Rg8 f4 49. Ra8 Rd6 50. Rh8 Rd3 1/2-1/2

[Event "Challenge"]
[Site "http://www.queenalice.com/game.php?id=479718"]
[Date "2008.10.19"]
[Round "-"]
[White "Glasgow_Rangers"]
[Black "grega"]
[Result "0-1"]
[WhiteElo "1840"]
[BlackElo "1786"]

1. e4 e5 2. Nf3 Nc6 3. Nc3 d6 4. h3 Nf6 5. Bc4 h6 6. a3 b6 7. d3 Be7 8. Bd2 Bb7
9. b4 a6 10. Nd5 Nxd5 11. Bxd5 b5 12. O-O O-O 13. Qc1 Rb8 14. Re1 Re8 15. Re3
Bf6 16. Nh2 Nd4 17. Bxb7 Rxb7 18. Nf3 Bg5 19. Nxg5 Qxg5 20. Qd1 Qf6 21. Rg3 c5
22. c3 Ne6 23. Qc1 Nf4 24. Rf3 Ne2+ 0-1

[Event "Challenge"]
[Site "http://www.queenalice.com/game.php?id=481240"]
[Date "2008.10.22"]
[Round "-"]
[White "Glasgow_Rangers"]
[Black "SRIVERO"]
[Result "1-0"]
[WhiteElo "1849"]
[BlackElo "1718"]

1. e4 c5 2. Nc3 Nc6 3. Nf3 d6 4. Bc4 Nf6 5. a3 e6 6. d3 Be7 7. h3 a6 8. Bd2 b5
9. Ba2 O-O 10. Rb1 Qc7 11. b4 cxb4 12. axb4 a5 13. bxa5 Rxa5 14. Nxb5 Qd8 15.
Nc3 d5 16. exd5 Nxd5 17. Nxd5 exd5 18. Bb3 Re8 19. Bxa5 Qxa5+ 20. Kf1 Bb4 21. c3
Bxc3 22. Qc2 Nd4 23. Nxd4 Bxd4 24. g3 Bc3 25. Rc1 d4 26. Qa2 Be6 27. Qxa5 Bxa5
28. Bxe6 fxe6 29. f4 e5 30. fxe5 Rxe5 31. Kg2 Re2+ 32. Kf1 Rd2 33. Ra1 Bc3 34.
Rg1 Rxd3 35. Ra8+ Kf7 36. Rg2 Rf3+ 37. Rf2 Rxf2+ 38. Kxf2 d3 39. Rd8 Ke7 40.
Rxd3 Bf6 41. Kf3 g5 42. g4 Kf7 43. Ke4 Kg6 44. Rd6 Kf7 45. Kf5 Be7 46. Rd7 Ke8
47. Ke6 Ba3 48. Rxh7 Bc1 49. Rh8# 1-0

[Event "Challenge"]
[Site "http://www.queenalice.com/game.php?id=481278"]
[Date "2008.10.23"]
[Round "-"]
[White "Glasgow_Rangers"]
[Black "Bixu"]
[Result "1-0"]
[WhiteElo "1818"]
[BlackElo "1731"]

1. e4 e5 2. Nf3 Nc6 3. Nc3 Nf6 4. Bc4 Bc5 5. h3 h6 6. a3 O-O 7. d3 d6 8. Na4 b5
9. Bxb5 Bd7 10. Nxc5 dxc5 11. Bxc6 Bxc6 12. Nxe5 Ba4 13. b3 Qd4 14. Bf4 Bb5 15.
Nf3 Qc3+ 16. Bd2 Qxa1 17. Qxa1 a5 18. O-O a4 19. b4 c4 20. Nd4 cxd3 21. Nxb5
dxc2 22. Re1 c6 23. Nd6 Rad8 24. e5 Nd7 25. e6 fxe6 26. Rxe6 Nf6 27. Re7 Rxd6
28. Qc3 Rf7 29. Rxf7 Kxf7 30. Qxc2 Kf8 31. Be3 Kg8 32. Qc4+ Nd5 33. b5 cxb5 34.
Qxb5 Nc7 35. Qb8+ Kh7 36. Qxc7 Rd1+ 37. Kh2 Ra1 38. Qc2+ Kg8 39. Qxa4 Rb1 40.
Qe8+ 1-0

[Event "Challenge"]
[Site "http://www.queenalice.com/game.php?id=481333"]
[Date "2008.10.23"]
[Round "-"]
[White "Glasgow_Rangers"]
[Black "paddymalonespub"]
[Result "1/2-1/2"]
[WhiteElo "1847"]
[BlackElo "1662"]

1. e4 e5 2. Nf3 d6 3. h3 Nf6 4. Nc3 Be6 5. d3 Nc6 6. Be2 d5 7. exd5 Bxd5 8. Nxd5
Nxd5 9. Bd2 Bc5 10. a3 O-O 11. b4 Bb6 12. c4 Nf6 13. c5 Bxc5 14. bxc5 Nd7 15.
Qc1 Qe7 16. Qc3 Nxc5 17. Be3 b6 18. Bg5 f6 19. Be3 Na5 20. Bxc5 Qxc5 21. Qxc5
bxc5 22. O-O Rab8 23. Rab1 Nb3 24. Bd1 Nd4 25. Rxb8 Nxf3+ 26. Bxf3 Rxb8 27. Bd5+
Kf8 28. f3 Rb2 29. Bc4 Ke7 30. a4 a5 31. Rc1 Rb4 32. Bb5 Kd6 33. Kh2 c6 34. Bc4
Rxa4 35. Rb1 Rb4 36. Rxb4 cxb4 37. Kg1 Kc5 38. Kf1 Kd4 39. Ke2 Kc3 40. Kd1 b3
41. Kc1 b2+ 42. Kb1 a4 43. h4 a3 44. h5 a2+ 45. Bxa2 Kxd3 46. Kxb2 Ke3 47. Be6
h6 48. Kc3 Kf2 49. Bh3 Ke3 50. Kc4 e4 51. fxe4 Kxe4 52. Bg4 Kf4 53. Bf3 Kf5 54.
Kc5 g6 55. hxg6 Kxg6 56. Bxc6 Kg5 57. Kd4 Kf4 58. Kd3 Kg3 59. Ke2 h5 60. Bd7 Kf4
61. Kf2 h4 62. Bh3 f5 63. Ke2 Ke4 64. Kf2 Kf4 65. Ke2 Kg3 66. Bxf5 Kxg2 67. Ke3
h3 68. Bxh3+ Kxh3 69. Kf4 1/2-1/2

[Event "Challenge"]
[Site "http://www.queenalice.com/game.php?id=481340"]
[Date "2008.10.23"]
[Round "-"]
[White "Glasgow_Rangers"]
[Black "perfrh"]
[Result "0-1"]
[WhiteElo "1847"]
[BlackElo "1755"]

1. e4 e6 2. c4 d5 3. cxd5 exd5 4. exd5 Qxd5 5. Nc3 Qe5+ 6. Be2 Be6 7. Nf3 Nf6 8.
d4 Qa5 9. a3 Nc6 10. Be3 Bd6 11. b4 Nxb4 12. axb4 Qxb4 13. Rc1 Ne4 14. Qc2 Nxc3
15. Qxc3 Qxc3+ 16. Rxc3 Bb4 17. Bd2 Bxc3 0-1

[Event "Challenge"]
[Site "http://www.queenalice.com/game.php?id=490371"]
[Date "2008.11.9"]
[Round "-"]
[White "Glasgow_Rangers"]
[Black "chunyi2012"]
[Result "0-1"]
[WhiteElo "1822"]
[BlackElo "1742"]

1. e4 e5 2. Nf3 d6 3. h3 Nf6 4. Nc3 Be6 5. Ng5 Qe7 6. Nxe6 Qxe6 7. Bb5+ c6 8.
Ba4 d5 9. d3 d4 10. Ne2 Be7 11. Bb3 Qd7 12. Ng3 g6 13. Bd2 Na6 14. a3 Nc5 15.
Ba2 b5 16. b4 Nb7 17. c3 Rd8 18. Bb1 a5 19. O-O a4 20. Bc2 Nh5 21. Nxh5 gxh5 22.
Qxh5 Qe6 23. Rfc1 h6 24. h4 Kd7 25. Qf5 Qxf5 26. exf5 Bxh4 27. g4 Rdg8 28. f3 h5
29. Bd1 Nd6 30. Kf1 hxg4 31. fxg4 Rg7 32. Be2 Bg3 33. Bf3 Rh2 34. Be1 Bf4 35.
Rd1 f6 36. cxd4 exd4 37. Bf2 Be3 38. Ra2 Nf7 39. Re2 Ne5 40. Bxe3 Nxf3 41. Rxh2
Nxh2+ 42. Kg2 Nxg4 0-1

[Event "Challenge"]
[Site "http://www.queenalice.com/game.php?id=490470"]
[Date "2008.11.9"]
[Round "-"]
[White "Glasgow_Rangers"]
[Black "paddymalonespub"]
[Result "1/2-1/2"]
[WhiteElo "1803"]
[BlackElo "1645"]

1. e4 e5 2. Nf3 Nc6 3. Nc3 Nf6 4. Bc4 d6 5. h3 Be6 6. Bxe6 fxe6 7. d3 d5 8. Nd2
Bb4 9. a3 Bxc3 10. bxc3 O-O 11. f3 Nh5 12. Nf1 dxe4 13. dxe4 Nf4 14. Bxf4 exf4
15. Qxd8 Raxd8 16. Nd2 b5 17. Rd1 a6 18. O-O Ne5 19. Nb3 Nc4 20. Rxd8 Rxd8 21.
Rf2 Nxa3 22. Nc5 Rd6 23. e5 Rc6 24. Nd3 Rxc3 25. Nxf4 Rc6 26. c3 Nb1 27. Nd5 Kf7
28. Nb4 Rxc3 29. Nxa6 c6 30. Rb2 Rc1+ 31. Kh2 Nc3 32. Nb8 c5 33. Rb3 b4 34. Na6
Na4 35. h4 Nb6 36. h5 h6 37. Rb2 Nd5 38. g4 c4 39. Nxb4 c3 40. Rc2 Rb1 41. Nxd5
exd5 42. Rxc3 Ke6 43. f4 Rf1 44. Rc6+ Kf7 45. Rc7+ Kg8 46. f5 Re1 47. e6 Kf8 48.
Rf7+ Kg8 49. Rd7 Re5 50. e7 Kf7 51. Kg3 Kf6 52. Kh4 Kf7 53. Kg3 Ke8 54. Ra7 d4
55. Ra4 Re4 56. Kf3 Re3+ 57. Kf4 Rd3 58. Ke4 Rd1 59. Rxd4 Re1+ 60. Kf4 Rf1+ 61.
Ke5 Kxe7 62. Re4 Kf7 63. Rf4 Re1+ 64. Re4 Ra1 65. Rd4 Ke7 66. Rb4 Ra5+ 67. Kf4
Ra6 68. Rb7+ Kf6 69. Rb4 Rd6 70. Re4 Ra6 71. Rd4 Rc6 1/2-1/2

[Event "Challenge"]
[Site "http://www.queenalice.com/game.php?id=490492"]
[Date "2008.11.9"]
[Round "-"]
[White "Glasgow_Rangers"]
[Black "Strogonoff"]
[Result "1-0"]
[WhiteElo "1801"]
[BlackElo "1827"]

1. e4 e5 2. Nf3 Nc6 3. Nc3 Nf6 4. a3 d5 5. exd5 Nxd5 6. Nxd5 Qxd5 7. c4 Qd8 8.
d3 Bg4 9. Be2 Bd6 10. h3 Bh5 11. Be3 O-O 12. O-O f5 13. c5 Be7 14. b4 Bf6 15.
Rb1 f4 16. Bd2 Bf7 17. Qc2 Bg6 18. Bc3 Qd7 19. Rfd1 Qf5 20. Rbc1 Ne7 21. Qb2 e4
22. dxe4 Qxe4 23. Re1 Bxc3 24. Rxc3 Kh8 25. Bc4 Qf5 26. Rxe7 Qf6 27. Rxc7 Be4
28. Be2 Rfe8 29. Rb3 Qg6 30. Qd4 Rad8 31. Rd7 Rxd7 32. Qxd7 Bc6 33. Qd2 Re5 34.
Qxf4 Re8 35. Re3 h6 36. Rxe8+ Qxe8 37. Qe5 Qf8 38. Nh4 Qe8 39. Qxe8+ Bxe8 40.
Bf3 Bc6 41. Bxc6 bxc6 42. b5 1-0

[Event "Let's Play Chess!"]
[Site "http://www.queenalice.com/game.php?id=492252"]
[Date "2008.11.13"]
[Round "-"]
[White "ulisses34"]
[Black "Glasgow_Rangers"]
[Result "1-0"]
[WhiteElo "1790"]
[BlackElo "1828"]

1. e4 e5 2. Nf3 Nc6 3. Bb5 d6 4. Bxc6+ bxc6 5. h3 c5 6. d3 h6 7. Bd2 Bd7 8. Ba5
Rb8 9. b3 Nf6 10. Nc3 Be7 11. a4 a6 12. Nd5 Nxd5 13. exd5 Bf6 14. Qe2 O-O 15.
Rc1 Re8 16. Qe4 Rb7 17. Nd2 Bg5 18. h4 Bxd2+ 19. Bxd2 Qf6 20. Ba5 Qf5 21. f3
Qxe4+ 22. dxe4 c6 23. Rd1 cxd5 24. Rxd5 Re6 25. g4 g6 26. Bd8 Bc6 27. Rd2 Ra7
28. Bb6 Ra8 29. Bc7 Rf6 30. Rf1 Ra7 31. Bxd6 Rd7 32. Bxe5 Rxd2 33. Kxd2 Re6 34.
Ba1 Re8 35. Kc3 Re6 36. Kc4 Bxe4 37. fxe4 Rxe4+ 38. Kxc5 Rxg4 39. Bf6 Rg2 40. c4
Rg3 41. b4 Ra3 42. a5 1-0

[Event "Let's Play Chess!"]
[Site "http://www.queenalice.com/game.php?id=492418"]
[Date "2008.11.13"]
[Round "-"]
[White "Glasgow_Rangers"]
[Black "charles31"]
[Result "1-0"]
[WhiteElo "1797"]
[BlackElo "1736"]

1. e4 e5 2. Nf3 d6 3. h3 Nf6 4. Nc3 Be6 5. Ng5 Qd7 6. Nxe6 Qxe6 7. d3 Nc6 8. Be3
d5 9. exd5 Nxd5 10. Nxd5 Qxd5 11. a3 Be7 12. c4 O-O 13. cxd5 Nd4 14. Bxd4 exd4
15. Rc1 Rac8 16. Rc4 Bf6 17. Qc2 Be5 18. g3 Rfe8 19. Be2 Re7 20. f4 Bf6 21. g4
h6 22. Qd2 Rce8 23. Rh2 g5 24. f5 Be5 25. Rg2 Bf4 26. Qc2 Rc8 27. Rxd4 Rd7 28.
Bf3 c6 29. Rc4 Re8+ 30. Kd1 cxd5 31. Rc8 Red8 32. Rxd8+ Rxd8 33. Re2 f6 34. Re7
d4 35. Rxb7 1-0

[Event "Let's Play Chess!"]
[Site "http://www.queenalice.com/game.php?id=492991"]
[Date "2008.11.14"]
[Round "-"]
[White "CampbellMarcel"]
[Black "Glasgow_Rangers"]
[Result "1/2-1/2"]
[WhiteElo "1840"]
[BlackElo "1782"]

1. e4 e5 2. Nf3 Nc6 3. Bb5 d6 4. d4 Bd7 5. Bxc6 Bxc6 6. d5 Bd7 7. O-O h6 8. h3
Nf6 9. Nc3 Be7 10. Nh2 O-O 11. f4 a6 12. f5 c6 13. Be3 cxd5 14. Nxd5 Nxd5 15.
exd5 Bg5 16. Qd2 Bxe3+ 17. Qxe3 Qc8 18. f6 Qc5 19. Qxc5 dxc5 20. fxg7 Kxg7 21.
c4 a5 22. a4 Rae8 23. b3 e4 24. Rae1 Re7 25. Re3 f5 26. Rf4 h5 27. Nf1 Kh7 28.
Ng3 Kg6 29. h4 b6 30. Kh2 Rff7 31. Ne2 Kh6 32. Ng1 Rg7 33. Nh3 Rg4 34. g3 Rxf4
35. Nxf4 1/2-1/2

[Event "Let's Play Chess!"]
[Site "http://www.queenalice.com/game.php?id=492992"]
[Date "2008.11.14"]
[Round "-"]
[White "Glasgow_Rangers"]
[Black "CampbellMarcel"]
[Result "1-0"]
[WhiteElo "1784"]
[BlackElo "1821"]

1. e4 e5 2. Nf3 d6 3. h3 c6 4. d4 exd4 5. Nxd4 Qf6 6. Nc3 b6 7. Be2 Bb7 8. Nf3
Qd8 9. Bd2 Be7 10. a3 Nf6 11. b4 a6 12. Bd3 Nbd7 13. Qc1 Ne5 14. Nxe5 dxe5 15.
Ne2 c5 16. Ng3 Qd4 17. Nf5 Qxe4+ 18. Bxe4 Bxe4 19. Nxe7 Kxe7 20. f3 Bc6 21. Bg5
h6 22. Bxf6+ Kxf6 23. O-O cxb4 24. axb4 Bb5 25. c4 Bd7 26. Rd1 Be6 27. Rd6 g6
28. Qc3 b5 29. f4 Kg7 30. Qxe5+ Kh7 31. c5 Rhe8 32. Qc3 Bc4 33. Rdxa6 Rad8 34.
Rd6 Rb8 35. Rad1 Re2 36. Rd8 Rxd8 37. Rxd8 1-0

[Event "Challenge"]
[Site "http://www.queenalice.com/game.php?id=493075"]
[Date "2008.11.14"]
[Round "-"]
[White "Glasgow_Rangers"]
[Black "silverado"]
[Result "1-0"]
[WhiteElo "1811"]
[BlackElo "1834"]

1. e4 e5 2. Nf3 Nc6 3. Nc3 a6 4. a3 Qf6 5. Nd5 Qd6 6. Bc4 h6 7. d3 g5 8. h3 b5
9. Ba2 Nd4 10. Nxd4 exd4 11. Qf3 Ra7 12. c3 c6 13. Nb4 Rh7 14. cxd4 Bb7 15. Be3
a5 16. d5 c5 17. Nc2 Ne7 18. b4 axb4 19. axb4 Ra6 20. Bxc5 Qe5 21. g4 Bxd5 22.
Bd4 Qe6 23. Bxd5 Rxa1+ 24. Bxa1 Nxd5 25. Nd4 Qe5 26. Qf5 Qxf5 27. exf5 Nxb4 28.
Kd2 Bc5 29. f3 Bxd4 30. Bxd4 Nd5 31. h4 gxh4 32. Rxh4 Nf4 33. Be3 Nd5 34. Rxh6
Rxh6 35. Bxh6 d6 36. Bg7 Kd7 37. Bd4 Kc6 38. Kc2 b4 39. g5 Ne7 40. f6 Nf5 41.
Bf2 d5 42. Kb3 Kb5 43. f4 d4 44. g6 Nh6 45. g7 Ng8 46. Bxd4 Nh6 47. Be5 Ng8 48.
d4 Nh6 49. d5 Kc5 50. d6 Kc6 51. Kxb4 Ng8 52. Kc4 Nh6 53. Kd4 Ng8 54. Ke4 Nh6
55. f5 Ng8 56. Kf4 Nh6 57. Kg5 Ng8 58. Bf4 Kd7 59. Be5 Kc6 60. Kf4 Nh6 61. Ke4
Ng8 62. Kd4 Nh6 63. Bf4 Ng8 64. Ke5 Kd7 65. Bg5 Kc6 66. Bf4 Kd7 67. Kd5 Nxf6+
68. Ke5 Ng8 69. Bg5 Kc6 70. Be7 Kd7 71. Kd5 Nh6 72. Kc5 Ng8 73. Bg5 Ke8 74. Kc6
f6 75. d7+ Kd8 76. Bxf6+ Nxf6 77. Kd6 Ng8 78. Ke6 Nh6 79. f6 Ng8 80. f7 1-0

[Event "Challenge"]
[Site "http://www.queenalice.com/game.php?id=493485"]
[Date "2008.11.15"]
[Round "-"]
[White "Glasgow_Rangers"]
[Black "sunking"]
[Result "1-0"]
[WhiteElo "1831"]
[BlackElo "1659"]

1. e4 e5 2. Nf3 Nf6 3. Nc3 Nc6 4. a3 Nd4 5. Nxe5 d6 6. Nf3 Bg4 7. d3 Bxf3 8.
gxf3 Nxf3+ 9. Qxf3 Be7 10. Rg1 g6 11. Bg5 Nh5 12. Bxe7 Qxe7 13. Nd5 Qe5 14.
Nxc7+ Ke7 15. Nxa8 Rxa8 16. c3 Nf4 17. Qg3 Nxd3+ 18. Bxd3 Qe6 19. Qg5+ f6 20.
Qb5 b6 21. Qd5 Rc8 22. Qb7+ Qd7 23. Qxd7+ Kxd7 24. O-O-O f5 25. exf5 gxf5 26.
Bxf5+ Kd8 27. Bxc8 Kxc8 28. Rxd6 Kc7 29. Rgd1 1-0

[Event "Challenge"]
[Site "http://www.queenalice.com/game.php?id=493875"]
[Date "2008.11.15"]
[Round "-"]
[White "Glasgow_Rangers"]
[Black "Aldino"]
[Result "0-1"]
[WhiteElo "1792"]
[BlackElo "1947"]

1. e4 e5 2. Nf3 d6 3. h3 Nf6 4. Nc3 Bd7 5. Bc4 h6 6. d3 c6 7. Bd2 Qb6 8. Qc1 Qd8
9. a3 b5 10. Ba2 Na6 11. b4 Qc8 12. Be3 Be7 13. d4 exd4 14. Nxd4 Nc7 15. Nf3 Be6
16. e5 dxe5 17. Nxe5 Bxa2 18. Rxa2 Qe6 19. Bd4 Ncd5 20. Ra1 Nxc3 21. Bxc3 Nd7
22. Qe3 Nxe5 23. Bxe5 f6 24. Bd4 Qxe3+ 25. Bxe3 O-O 26. O-O a6 27. Rfe1 Rfe8 28.
Rad1 Rad8 29. Rxd8 Bxd8 30. Kf1 Kf7 31. c3 Bc7 32. Bd4 Rxe1+ 33. Kxe1 Ke6 34.
Ke2 g6 35. g3 h5 36. Ke3 f5 37. h4 Kd5 38. Kd3 f4 39. gxf4 Bxf4 40. Be3 Ke5 41.
Ke2 Kf5 42. Kf3 Bxe3 43. fxe3 g5 44. Kg3 gxh4+ 45. Kxh4 Ke4 46. Kxh5 Kxe3 47.
Kg5 Kd3 48. Kf5 Kxc3 49. Ke5 Kb3 50. Kd4 Kxa3 51. Kc5 Ka4 0-1

[Event "Challenge"]
[Site "http://www.queenalice.com/game.php?id=493888"]
[Date "2008.11.15"]
[Round "-"]
[White "Glasgow_Rangers"]
[Black "Mike36bh"]
[Result "0-1"]
[WhiteElo "1810"]
[BlackElo "1766"]

1. e4 e5 2. Nf3 d6 3. Nc3 Nf6 4. Bc4 h6 5. d3 a6 6. a3 Be7 7. Bd2 Nc6 8. b4 Bg4
9. h3 Bxf3 10. Qxf3 Nd4 11. Qd1 c6 12. Ne2 O-O 13. Nxd4 exd4 14. O-O d5 15. exd5
cxd5 16. Bb3 b5 17. c3 dxc3 18. Bxc3 d4 19. Bd2 Bd6 20. Re1 Nd7 21. Rc1 Ne5 22.
Bc2 Kh8 23. Re4 Bc7 24. Bf4 f6 25. Bh2 Re8 26. Qe2 a5 27. Bb3 axb4 28. axb4 Ra7
29. Rc2 Ra1+ 0-1